Movies Quiz

Random Movies or Actor Quiz
Score 0/30 Timer 06:00
2 Plays Today
Cast 1970s Movie % Correct
Mark Hamill, Alec Guinness, Harrison Ford, Carrie FisherStar Wars: Episodes IV - A New Hope
97.7%
John Travolta, Olivia Newton-John, Stockard Channing, Jeff ConawayGrease
97.3%
Marlon Brando, Al Pacino, Robert Duvall, James CaanThe Godfather
97%
Christopher Reeve, Margot Kidder, Gene Hackman, Ned BeattySuperman
92.6%
John Travolta, Karen Lynn Gorney, Barry Miller, Donna Pescow Saturday Night Fever
79.2%
Dudley Moore, Bo Derek, Julie Andrews, Robert Webber10
76.7%
Robert De Niro, Jodie Foster, Harvey Keitel, Cybill ShepherdTaxi Driver
72.3%
Robert De Niro, Christopher Walken, Meryl Streep, John SavageThe Deer Hunter
72%
Roy Scheider, Robert Shaw, Richard Dreyfuss, Lorraine GaryJaws
70.8%
Martin Sheen, Robert Duvall, Marlon Brando, Frederic ForrestApocalypse Now
70.7%
Tim Curry, Susan Sarandon, Barry Bostwick, Richard O'BrienThe Rocky Horror Picture Show
70.5%
Richard Dreyfuss, Ron Howard, Cindy Williams, Wolfman JackAmerican Graffiti
67.9%
Paul Newman, Robert Redford, Robert Shaw, Charles DurningThe Sting
67.3%
Linda Blair, Ellen Burstyn, Max von Sydow, Lee J. CobbThe Exorcist
66.9%
Cleavon Little, Gene Wilder, Harvey Korman, Madeline KahnBlazing Saddles
63.2%
Cast 1970s Movie % Correct
Jack Nicholson, Faye Dunaway, John Huston, Roman PolanskiChinatown
61.8%
Gene Hackman, Roy Scheider, Fernando Rey, Tony Lo BiancoThe French Connection
60.6%
Jon Voight, Burt Reynolds, Ned Beatty, Ronny CoxDeliverance
58.8%
Burt Reynolds, Sally Field, Jackie Gleason, Jerry ReedSmokey and the Bandit
56%
Robert Redford, Dustin Hoffman, Jason Robards, Jack WardenAll the President's Men
55.7%
Donald Sutherland, Elliot Gould, Tom Skerritt, Sally KellermanMASH
55.7%
Walter Matthau, Tatum O'Neal, Chris Barnes, Vic MorrowThe Bad News Bears
48.3%
Richard Dreyfuss, Melinda Dillon, Teri Garr, François TruffautClose Encounters of the Third Kind
41.1%
Dustin Hoffman, Laurence Olivier, William Devane, Roy ScheiderMarathon Man
39.1%
Timothy Bottoms, Jeff Bridges, Ellen Burstyn, Cybill ShepherdThe Last Picture Show
37.4%
Warren Beatty, Julie Christie, James Mason, Jack WardenHeaven Can Wait
29.8%
Steve McQueen, Paul Newman, William Holden, Faye DunawayThe Towering Inferno
22.5%
Goldie Hawn, Chevy Chase, Burgess Meredith, Dudley MooreFoul Play
19%
Jodie Foster, Barbara Harris, John Astin, Dick Van PattenFreaky Friday
17.3%
Robert Redford, Faye Dunaway, Cliff Robertson, Max von SydowThree Days of the Condor
14.7%

You're not logged in!

Compare scores with friends on all Sporcle quizzes.
OR
Log In

Sporcle TV

Today on Sporcle TV


Watch our educational content, quiz creation guides, and fun videos on Sporcle TV.

Show Comments

Extras

Top Quizzes Today


Score Distribution

Your Account Isn't Verified!

In order to create a playlist on Sporcle, you need to verify the email address you used during registration. Go to your Sporcle Settings to finish the process.

Report this User

Report this user for behavior that violates our Community Guidelines.

Details: